000 04215nab a2200277 i 4500
003 BR-BrBNA
005 20250626173927.0
008 250626b2018 bl.qr|pooa||| 00| 0 eng |
040 _aBR-BrBNA
_beng
072 _aF70
100 _aHentz, Ângela Maria Klein
100 _aCorte, Ana Paula Dalla
100 _aSanquetta, Carlos Roberto
100 _aBlum, Christopher Thomas
245 _aEdge effect on the spatial distribution of trees in an Araucaria Rainforest fragment in Brazil
500 _aPublicação on-line; Bibliography p. 1950-1952 (56 ref.); 3 tables; 6 illus.; Summaries (En, Pt)
520 _a Abstract The objective of this research was to evaluate which species in the Brazilian Araucaria forest have its spatial distribution influenced by edge effects. We performed annual forest inventories inside two one-hectare plots, divided in 10 rectangular subplots, delimited by every 10 meters of edge distance. Each tree with at least 10 cm at DBH was identified to species level, and their allometric measurements and geographical coordinates were recorded considering the categories living, recruitment and mortality. We analyzed the correlation between the abundance of each species in each subplot and its distance by the Spearman’s Correlation Coefficient and a Generalized Additive Model (GAM) with a Poisson distribution. We analyzed the distribution of some species and the ecological groups using a Kernel density model. We observed numerous pioneers and early secondary species with relationship with the edge distance, usually concentrated close to the edges. The late secondary/ climax species are more evenly distributed in the plots, despite of some species, as Eugenia uniflora, are negatively affected by the edge. From these results, it is observed that some light demanding species can be favored to live close to the edges, even if some shadow tolerant species can inhabit this region as well. Key words: Atlantic forest, ecological groups, forest fragmentation. Resumo Neste trabalho objetivou-se avaliar quais espécies florestais apresentam sua distribuição espacial influenciada pelo efeito de borda. Inventários florestais anuais foram realizados em duas parcelas permanentes de 1 hectare cada, divididas em 10 subparcelas retangulares, delimitadas a cada 10 metros de distância da borda. Todos os indivíduos com DAP superior à 10 cm dentro das parcelas foram identificados ao nível de espécie, e para cada indivíduo foram coletadas suas variáveis alométricas e coordenadas geográficas, considerando as categorias vivos, recrutamento e mortalidade. Analisou-se a correlação entre a abundância de cada espécie em cada subparcela, e a distância da subparcela até a borda, pelo Coeficiente de Correlação de Spearman’s e por um modelo aditivo generalizado (GAM) com base na distribuição de Poisson. A distribuição de algumas espécies e dos grupos ecológicos foram analisadas pelo modelo de densidade de Kernel. Foi observado um grande número de espécies pioneiras e secundárias iniciais com relação com a distância da borda, geralmente concentradas próximas à borda. As espécies secundárias tardias ou clímax foram observadas melhor distribuídas dentro das parcelas, apesar de que algumas espécies, como Eugenia uniflora foram negativamente afetadas pela presença da borda. A partir desses resultados observa-se que espécies de hábito heliófilo podem ser favorecidas por terem a habilidade de habitar áreas próximas à borda, apesar de que algumas espécies tolerantes à sombra possam também habitar essa região. Palavras-chave: Mata Atlântica, grupos ecológicos, fragmentação florestal.
650 _aMATA ATLÂNTICA
650 _aFLORESTA
650 _aDISTRIBUIÇÃO GEOGRÁFICA
650 _aINVENTÁRIO FLORESTAL
773 0 _0709
_9351158
_dRio de Janeiro-RJ Jardim Botanico do Rio de Janeiro 1935
_o2025-3781
_tRodriguésia (Brazil)
_x0370-6583; 2175-7860 on-line
_gv. 69(4) p. 1937-1952; (2018)
_wBR2025003054
856 _uhttps://www.scielo.br/j/rod/a/DvND64wv4RMnFckfHTZHRBj/?format=pdf&lang=en
942 _cANA
999 _c332256
_d332256